| 000 | 00691nam a22002057a 4500 | ||
|---|---|---|---|
| 005 | 20100804130342.0 | ||
| 010 | _aENG-98153 | ||
| 020 |
_a9789380173184 _c110.00 |
||
| 035 | _aEN-81686 | ||
| 037 | _bDBAD/PUB | ||
| 082 | _a921 | ||
| 100 |
_aSathiabama,V. _95946 |
||
| 245 |
_aIndira Gandhi : _bthe first women prime minister of India / _cby V. Sathiabama |
||
| 260 |
_aKoradacherry _bAruma publications _c2009 |
||
| 270 |
_a35, Gandhi Colony _bKoradacherry _e613703 |
||
| 300 |
_av,138p. _c20cm (pbk) |
||
| 650 |
_aBiography _95947 |
||
| 942 |
_2ddc _cEN _h921 _mSAT |
||
| 999 |
_c39209 _d39209 |
||